Normal view
MARC view
- politics reader
Entry Topical Term
001 - CONTROL NUMBER
- control field: 104883
003 - CONTROL NUMBER IDENTIFIER
- control field: NUST
005 - DATE AND TIME OF LATEST TRANSACTION
- control field: 20221214173814.0
008 - FIXED-LENGTH DATA ELEMENTS
- fixed length control field: 221214|| aca||aabn | a|a d
040 ## - CATALOGING SOURCE
- Original cataloging agency: NUST
- Transcribing agency: NUST
150 ## - HEADING--TOPICAL TERM
- Topical term or geographic name entry element: politics reader
670 ## - SOURCE DATA FOUND
- Source citation: Work cat.: (NUST)184882: Dialogue of democracy :, c1996-c1999.
